000
00304nam a2200133Ia 4500
100
_a
Sneddon/Ian
942
_c
BK
654
_a
equation
245
_a
Elements of partial differential equations
260
_b
McGraw Hill
_a
Aucklalnd
_c
1984
082
_a
515.35
_b
SNE
300
_a
327
546
_a
ENGLISH
999
_c
27122
_d
27122